000 00617nam a2200217Ii 4500
003 JO-AjNU
008 230606s9999||||xx |||||||||||||| ||und||
020 _a978-0-415-69932-7
040 _aJO-AjNU
_beng
_erda
_cJO-AjNU
041 _aeng
050 1 4 _aTH6010.C4867 2013
100 3 _aChadderton, David v,
_eauthor
_95066
245 0 0 _aBuilding services engineering
250 _a6 ed
264 3 1 _aLondon :Routledge , 2013
300 _a386p
336 _atext
_btxt
_2rdacontent
337 _aunmediated
_bn
_2rdamedia
338 _avolume
_bnc
_2rdacarrier
650 4 _aBuilding services engineering
_95067
999 _aE2620
_c2618
_d2618